000 00311nam a22001457a 4500
008 231101b ||||| |||| 00| 0 eng d
020 _a0792312945
041 _aeng
080 _a101
082 _a101BOH
100 _a44
101 _aFILOZO
245 _aSCIENCE AND PHILOSOPHY
_cBOHR.N
942 _2udc
_cBK
999 _c60474
_d60474